Health

সংরক্ষণ করুন:
গ্রন্থ-পঞ্জীর বিবরন
প্রধান লেখক: Giarratano-Russell, Susan C.
বিন্যাস: গ্রন্থ
ভাষা:Undetermined
প্রকাশিত: New York McGraw-Hill School Division 1999
বিষয়গুলি:
ট্যাগগুলো: ট্যাগ যুক্ত করুন
কোনো ট্যাগ নেই, প্রথমজন হিসাবে ট্যাগ করুন!
Thư viện lưu trữ: Trung tâm Học liệu Trường Đại học Cần Thơ
LEADER 00593nam a2200181Ia 4500
001 CTU_126233
008 210402s9999 xx 000 0 und d
082 |a 613 
082 |b G435 
100 |a Giarratano-Russell, Susan C. 
245 0 |a Health 
245 0 |c Susan C. Giarratano-Russell and Donna Lioyd-Kolkin ; Program authors by Danny J. Ballard , Alisa Evans Debnam and Anthony Sancho 
260 |a New York 
260 |b McGraw-Hill School Division 
260 |c 1999 
650 |a Public health,Health care 
904 |i Giang 
980 |a Trung tâm Học liệu Trường Đại học Cần Thơ